Crusade / (Record no. 589183)

000 -LEADER
fixed length control field 00327nam a22001577a 4500
003 - CONTROL NUMBER IDENTIFIER
control field NUST
020 ## - INTERNATIONAL STANDARD BOOK NUMBER
International Standard Book Number 0002554984
038 ## - RECORD CONTENT LICENSOR
Staff Name Khadija
082 ## - DEWEY DECIMAL CLASSIFICATION NUMBER
Classification number 956.704
Author Mark ATK
100 ## - MAIN ENTRY--PERSONAL NAME
Personal name Atkinson
9 (RLIN) 90990
245 ## - TITLE STATEMENT
Title Crusade /
Statement of responsibility, etc. Rick Atkinson
260 ## - PUBLICATION, DISTRIBUTION, ETC.
Place of publication, distribution, etc. Lahore
Name of publisher, distributor, etc. Book Centre
300 ## - PHYSICAL DESCRIPTION
Extent p575
563 ## - BINDING INFORMATION
Binding note HB
942 ## - ADDED ENTRY ELEMENTS (KOHA)
Source of classification or shelving scheme
Koha item type Book
Holdings
Withdrawn status Lost status Source of classification or shelving scheme Damaged status Not for loan Permanent Location Current Location Shelving location Date acquired Total Checkouts Full call number Barcode Date last seen Price effective from Koha item type
          School of Mechanical & Manufacturing Engineering (SMME) School of Mechanical & Manufacturing Engineering (SMME) General Stacks 04/18/2022   956.704 ATK SMME-3702 04/18/2022 04/18/2022 Book
© 2023 Central Library, National University of Sciences and Technology. All Rights Reserved.